000 00624nam a22002297a 4500
003 UA-OsUOA
001 94866
007 ta
008 20130218b un ||||| |||| 00| 0 ukr d
100 _aДемьянов И.
090 _a821.161.1
_bД32
942 _cBK
040 _aUA-OsUOA
_brus
_cUA-OsUOA
_dUA-OsUOA
245 _aСиний ветер
_bстихи
300 _a157 с.
955 _a3
041 _arus
080 _a821.161.1
260 _aЛенинград
_bДетская литература
_c1984
650 7 _a82 Література. Літературознавство
_2UDC
999 _c381135
_d381135